Repertorio-coleccion de la jurisprudencia española en materia criminal (Record no. 163324)

MARC details
000 -LEADER
campo de control de longitud fija 00976nam a22001813i 4500
001 - NÚMERO DE CONTROL
campo de control 163324
003 - IDENTIFICADOR DE NÚMERO DE CONTROL
campo de control ES-MaACL
005 - FECHA Y HORA DE LA ÚLTIMA TRANSACCIÓN
campo de control 20230906212722.0
008 - DATOS DE LONGITUD FIJA--INFORMACIÓN GENERAL
campo de control de longitud fija 020315s1882 sp |||| | spa d
040 ## - FUENTE DE CATALOGACIÓN
Centro catalogador/agencia de origen EXT
Lengua de catalogación spa
Centro/agencia transcriptor EXT
245 00 - MENCIÓN DEL TÍTULO
Título Repertorio-coleccion de la jurisprudencia española en materia criminal
Resto del título : continuacion del repertorio alfabético ò diccionario /
Mención de responsabilidad, etc. formado por la redaccion de la revista de los tribunales.
260 ## - PUBLICACIÓN, DISTRIBUCIÓN, ETC.
Lugar de publicación, distribución, etc. Madrid :
Nombre del editor, distribuidor, etc. Góngora, editores,
Fecha de publicación, distribución, etc. 1882.
300 ## - DESCRIPCIÓN FÍSICA
Extensión v. ;
Dimensiones 23 cm.
505 8# - NOTA DE CONTENIDO CON FORMATO
Nota de contenido con formato Contiene: T. II. Que comienza por las sentencias publicadas desde 1º de Enero de 1882
597 #1 - NOTA DE DESCRIPCIÓN FÍSICA
NOTA DE DESCRIPCIÓN FÍSICA Vol. II (563 p.)
752 ## - ENTRADA AGREGADA--NOMBRE JERÁRQUICO DEL LUGAR
País o entidad superior España -
Ciudad Madrid
852 ## - LOCALIZACIÓN
Ubicación ES-MaACL
Número de control de estantería G-13273-13280
Nota libre -- Enc. hol.
condición física -- Sólo : Apéndice t. IV, 1887 (229 p.) -- Apéndice t. V, 1887 (254 p.) -- Apéndice t. VI, 1888 (298 p.) --Apéndice t. VII, 1889 (316 p.) -- Apéndice t. IX, 1891 (406 p.) -- Apéndice t. X, 1892 (303 p.) -- Apéndice t. XI, 1893 (267 p.)
Holdings
Estatus retirado Estado de pérdida Estado de daño No para préstamo Colección Biblioteca de origen Biblioteca actual Ubicación en estantería Fecha de adquisición Fuente de adquisición Total de préstamos Signatura topográfica completa Código de barras Visto por última vez Precio de reemplazo Tipo de ítem Koha
        Colección de referencia Biblioteca del Ateneo de Madrid Biblioteca del Ateneo de Madrid Sala Pecera Planta 3 17/01/2008     G-13273-13280 1171148 23/02/2023 23/02/2023 Libro impreso antiguo